1583 1543 1900 1643 1707 1261 1381 1311 1549 1206 1852 1783 1277 1574 1803 1215 1122 1548 1987 1500 1297 1804 1003 1885 1292 1099 1602 1362 1131 1199 1597 1319 1173 1742 1057 1854 1003 1032 1773 1558 1008 1209 1540 1490 1508 1606 1104 1826 1793 1438 1809 1204 1949 1818 1154 1787 1033 1774 1568 1245 1953 1181 1776 1335 1573 1418 1064 1193 1860 1734 1387 1177 1517 1995 1214 1160 1089 1225 1349 1434 1332 1304 1475 1409 1508 1348 1664 1316 1476 1265 1549 1859 1768 1505 1643 1039 1791 1371 1840 BCNSPRNW ULIB Ver.6.0+V

เปลี่ยนเป็นภาษาไทย

Change to English
 แสดงรายละเอียดบรรณานุกรม
  กลับหน้าหลัก

Brief Record : Get Marc (ISO 2709) : E-mail record : QR code < ปิดหน้าต่าง
LEADER : 00000nam 2200000uu 4500
001    13399128567
003     ULIB
008    230912s2565||||th 000 0 tha d
020    ^a9786165940023
060  0 ^aWY20.5^bจ484ส
100 0  ^aจินตวีร์พร แป้นแก้ว
245 00 ^aสาระหลักในการวิจัยทางการพยาบาล/^cจินตวีร์พร แป้นแก้ว
246 00 ^aFoundations of nursing research
260    ^aสงขลา:^bชานเมืองการพิมพ์,^c2565
650  0 ^aการวิจัยทางการพยาบาล
945    ^p200^l0^i010313
999    ^aประนอม เกษจรัล
รายการนี้ยังไม่มีแท็ก
คุณยังไม่ได้ล็อกอิน คุณสามารถมีกิจกรรมร่วมกับเว็บไซต์ได้ แต่ต้องล็อกอินก่อน ::
  ล็อกอิน

รายการสื่อสารสนเทศ

ลำดับที่ ประเภท เลขเรียก/บาร์โค้ด สถานที่ สถานะ
1. Book การพยาบาล
หนังสือสำรอง
สถานะ=หนังสือสำรอง
WY20.5 จ484ส ฉ.1 
  Barcode: 010313
ห้องสมุดวิทยาเขตสวรรค์ประชารักษ์
►หนังสือทั่วไป
บนชั้น

รายการใกล้เคียง
    ผู้แต่ง [จินตวีร์พร แป้นแก้ว]

    หัวเรื่อง [การวิจัยทางการพยาบาล]

BibComment


ยังไม่เคยถูกคอมเมนท์

คอมเมนท์ทรัพยากรรายการนี้
  คอมเมนท์: สาระหลักในการวิจ..


 Copyright 2026. Bcnsprnw @Library